| 000 | 00000nam##2200000za#4500 |
| 001 | 9.642509 |
| 003 | CaOODSP |
| 005 | 20210624223735 |
| 007 | cr ||||||||||| |
| 008 | 150407|1996||||xxc|||||o f|0| 0 fre|d |
| 040 | |aCaOODSP|bfre |
| 043 | |an-cn--- |
| 086 | 1 |aSC91-5/1996F-PDF |
| 110 | 1 |aCanada.|bCentre canadien de gestion. |
| 245 | 13|aLa voie de l'égalité entre les sexes : |h[ressource électronique]|bprogrès réalisés et défis à venir / |c[par] Jocelyne Bourgon. |
| 246 | 1 |aLa Conférence Jean Edmonds 1996 : les femmes et le monde du travail |
| 260 | |aMontréal - Québec : |bCentre canadien de gestion |cLe 4 march 1996. |
| 300 | |a21p.|bréférences |
| 500 | |aLe n° de catalogue (SC91-5/1996) et l'ISBN (0-662-62433-5) de l'édition imprimée bilingue ont été incorrectement copiés dans l'édition électronique. |
| 590 | |a13-23-Supp|b2013-10-08 |
| 691 | 07|aÉgalité des sexes|2gcpds |
| 691 | 07|aFonction publique|2gcpds |
| 691 | 07|aGestion|2gcpds |
| 720 | 1 |aBourgon, Jocelyne |
| 775 | 08|tThe road to gender equality : |w(CaOODSP)9.698501 |
| 856 | 40|ahttp://publications.gc.ca|qPDF|s257 Ko|uhttps://publications.gc.ca/collections/Collection/SC91-5-1996F.pdf |